Nosotros dos
Gardado en:
| Autor Principal: | |
|---|---|
| Formato: | Libro |
| Idioma: | Lingua castelá |
| Publicado: |
Barcelona
Seix Barral
1971
|
| Series: | Biblioteca Breve de Bolsillo, 91
|
| Subjects: | |
| Tags: |
Engadir etiqueta
Sen Etiquetas, Sexa o primeiro en etiquetar este rexistro!
|
MARC
| LEADER | 00000nam a2200000 a 4500 | ||
|---|---|---|---|
| 001 | UCT6566 | ||
| 003 | CL-VaPUC | ||
| 008 | 970113e19710000SP |||||||||||||||||spa|d | ||
| 082 | 0 | 4 | |a Ar863 |b SAN |2 21 |
| 100 | 0 | |a Sánchez, Néstor |e author |9 376810 | |
| 245 | 1 | 0 | |a Nosotros dos |
| 300 | |a 132 p | ||
| 942 | |c BK | ||
| 945 | |d 19970113 00:00:00 |a nastorga | ||
| 260 | |a Barcelona |b Seix Barral |c 1971 | ||
| 650 | 0 | |a Novelas argentinas |9 267871 | |
| 583 | |a last modification |c 19970113 00:00:00 |k Rodrigo Vera | ||
| 490 | 0 | |a Biblioteca Breve de Bolsillo, 91 | |
| 999 | |c 255254 |d 255252 | ||
| 952 | |0 0 |1 0 |4 0 |6 AR_863_000000000000000_SAN_1971 |7 0 |8 A |9 277432 |a BIBEDU |b BIBEDU |d 2019-11-19 |i 3266338 |o Ar863 SAN 1971 |p 3266338 |r 2019-11-19 |w 2019-11-19 |y BK |k LIT | ||